000 00349nam a2200157Ia 4500
100 _aDesai/Sandeep/ srivastava/A
650 _aERP
942 _cBK
366 _f27
245 _aERP to E2RP: A case and study approach
260 _bprentice hall
_c2013
082 _a658.5
_bDES
300 _a402
546 _aENGLISH
_cComputers
999 _c35099
_d35099